|
|
|
|
| LEADER |
00736nta a2200217 i 4500 |
| 001 |
dipl116202 |
| 005 |
20220125080631.0 |
| 008 |
210602s1942 hu om 0|| zxx d |
| 040 |
|
|
|a SZTE Diploma Repozitórium
|b hun
|
| 041 |
|
|
|a zxx
|
| 100 |
1 |
|
|a Szentes József
|
| 245 |
1 |
2 |
|a A Jászság földrajzi ismertetése
|h [elektronikus dokumentum] /
|c József Szentes
|
| 260 |
|
|
|c 1942
|
| 650 |
|
4 |
|a Pedagógusképzés
|
| 650 |
|
4 |
|a Natural sciences
|
| 650 |
|
4 |
|a Earth and related environmental sciences
|
| 650 |
|
4 |
|a Physical geography
|
| 650 |
|
4 |
|a Social sciences
|
| 650 |
|
4 |
|a Social and economic geography
|
| 700 |
1 |
|
|a nincs megadva
|e ths
|
| 856 |
4 |
0 |
|u http://diploma.bibl.u-szeged.hu/id/eprint/116202/1/1942_szentes_jozsef.pdf
|z Dokumentum-elérés
|